000 01946nam0a2200421 4500
001 RU\NLR\bibl\1844520
005 20260408053653.0
010 _a978-5-901450-07-9
_91370
021 _aRU
_b2011-92092
_96598
035 _a(nilc)LIBNET\0000187426
035 _a2VIL\RUSMED\0000199817
035 _a(NLR Aleph) 001834957
090 _a2191692
_c2191692
100 _a20111124d2010 |||y0rusy50 ca
101 0 _arus
102 _aRU
105 _ay |||||||||
200 1 _aXX Национальный конгресс по болезням органов дыхания, Москва, 16-19 ноября 2010 года
_eсборник трудов конгресса
_fпод ред. акад. Рос. АМН А. Г. Чучалина
210 _aМосква
_cДизайн-Пресс
_d2010
215 _a560 с.
_d30
300 _aВ надзаг.: М-во здравоохранения и соц. развития Рос. Федерации, ФГУ НИИ пульмонологии ФМБА России, Рос. респиратор. о-во
606 1 _aДыхательная система
_jСъезды, совещания и т.п.
_xБолезни
_9974458
_3RU\NLR\auth\6647148
606 1 _aДЫХАТЕЛЬНЫХ ПУТЕЙ БОЛЕЗНИ
_yМосква
_jконгрессы
_2rus_mesh
_3R12326
606 1 _aRESPIRATORY TRACT DISEASES
_2rus_mesh
_3E12326
686 _a76.29.35
_2rugasnti
686 _a76.01.13
_2rugasnti
686 _aC08
_v2011
_2MESH
686 _aР412я431(2)
686 _aР733.412я431(2)
686 _aР542я431(2)
710 1 2 _aНациональный конгресс по болезням органов дыхания
_d20
_eМосква
_f2010
_9288507
_3RU\NLR\AUTH\8810200067
801 0 _aRU
_bЦНМБ
_c20111124
_gPSBO
801 1 _aRU
_bЦНМБ
_c20111124
801 2 _aRU
_bЦНМБ
_c20111207
801 2 _aRU
_bNLR
_c20111208
_grcr
942 _cBOOK
980 _aNB